Návrh manipulačnej hlavice s výmenou výrobkov

Saved in:
Bibliographic Details
Main Author: Babaštová, Mariana, 1988- (Author)
Other Authors: Ružarovský, Roman, 1979- (Thesis advisor)
Format: Manuscript Book
Language:Slovak
Published: 2015
Subjects:
Online Access:http://is.stuba.sk/zp/portal_zp.pl?podrobnosti=109833
Tags: Add Tag
No Tags, Be the first to tag this record!

MARC

LEADER 00000ntm a22000003a 4500
001 stuzp50626
003 SK-STU
005 20160719153619.7
007 ta
008 150427s2015----xo-----f-mn---000-0-slo-d
040 |a STU  |b slo 
041 0 |a slo 
100 1 |a Babaštová, Mariana,  |d 1988-  |u 063000  |4 aut  |U MTF Materiálovotechnologická fakulta  |T MTF Ústav výrobných technológií  |X 44768  |U M3000  |Y 83  |7 A000044768 
242 0 1 |a Design of handling gripper for replacement of products  |y eng 
245 1 0 |a Návrh manipulačnej hlavice s výmenou výrobkov 
260 |c 2015 
650 4 |a výstupné hlavice  |2 slo 
650 4 |a priemyselné roboty  |2 slo 
650 4 |a objekty manipulácie  |2 slo 
650 4 |a end effectors  |2 eng 
650 4 |a industrial robots  |2 eng 
650 4 |a objects of manipulation  |2 eng 
700 1 |a Ružarovský, Roman,  |d 1979-  |4 ths  |X 30883  |7 A000030883 
856 4 |u http://is.stuba.sk/zp/portal_zp.pl?podrobnosti=109833 
996 |c M* DP-12247  |l MMSKP  |s P  |a 0  |w stuzp50626_0001 
SQL |a stuzp50626  |b DDP  |c SLO  |d Návrh manipulačnej hlavice s výmenou výrobkov  |e 44768  |f Babaštová, Mariana  |g 063000  |h 30883  |i Ružarovský, Roman  |j 20150603  |k 195  |l 06  |m http://is.stuba.sk/zp/portal_zp.pl?podrobnosti=109833  |n I-VZS  |o 5.2.50. výrobná technika